Statistics for Country Neighbour Connect: Shortest Name, starting with World's Shortest Name

Click here to take the quiz!

General Stats

  • This quiz has been taken 94 times
  • The average score is 111 of 154

Answer Stats

COUNTRY % Correct
Chad
100%
Kenya
94%
Rwanda
94%
Burundi
94%
Djibouti
94%
Uganda
94%
Egypt
94%
Sudan
94%
Libya
94%
Eritrea
94%
Somalia
92%
Lesotho
90%
Zambia
90%
Malawi
90%
Mozambique
88%
South Africa
88%
Zimbabwe
88%
Swaziland
88%
Tanzania
88%
Angola
88%
Namibia
88%
Botswana
88%
Benin
83%
Nigeria
83%
Ghana
83%
Cameroon
83%
Republic of the Congo
83%
Nepal
81%
Bhutan
81%
Laos
81%
China
81%
Pakistan
81%
India
81%
Iraq
81%
Yemen
81%
Russia
81%
Oman
81%
Syria
81%
Iran
81%
Poland
81%
Spain
81%
Algeria
81%
Niger
81%
Gabon
81%
France
81%
Togo
81%
Austria
81%
Germany
81%
Italy
81%
Turkey
79%
Greece
79%
Kosovo
79%
Croatia
79%
Serbia
79%
Qatar
79%
Albania
79%
Kuwait
79%
United Arab Emirates
79%
Burma
79%
Morocco
79%
Israel
79%
Mali
79%
Jordan
79%
Burkina Faso
79%
Saudi Arabia
79%
Romania
77%
Estonia
77%
Ukraine
77%
Slovakia
75%
Latvia
75%
Lithuania
75%
Lebanon
75%
Hungary
75%
Moldova
75%
Belarus
75%
Czech Republic
73%
Slovenia
71%
Macedonia
71%
Georgia
69%
Armenia
69%
Bulgaria
69%
Montenegro
69%
Kazakhstan
67%
Turkmenistan
67%
Bosnia and Herzegovina
67%
Kyrgyzstan
67%
Uzbekistan
67%
Tajikistan
67%
Azerbaijan
67%
Cambodia
65%
Vietnam
65%
Thailand
65%
Afghanistan
65%
Argentina
63%
Uruguay
63%
Ecuador
63%
Colombia
63%
Peru
63%
Panama
63%
Chile
63%
Bolivia
63%
Mexico
63%
Brazil
63%
United States
63%
Canada
63%
Belize
63%
Guatemala
63%
Nicaragua
63%
Honduras
63%
Costa Rica
63%
Paraguay
63%
Papua New Guinea
63%
North Korea
63%
South Korea
63%
East Timor
63%
Indonesia
63%
Bangladesh
63%
Malaysia
63%
Brunei
63%
Norway
63%
Sweden
63%
Denmark
63%
Switzerland
63%
Liechtenstein
63%
Netherlands
63%
Luxembourg
63%
Finland
63%
Belgium
63%
Guyana
62%
San Marino
62%
El Salvador
62%
Venezuela
62%
Mongolia
62%
Vatican City
62%
Suriname
60%
Portugal
58%
Andorra
58%
Monaco
58%
Guinea
54%
Liberia
54%
Senegal
54%
Gambia
54%
Mauritania
54%
United Kingdom
54%
Ireland
52%
Sierra Leone
52%
Guinea-Bissau
50%
Côte d'Ivoire
50%
Central African Republic
46%
Democratic Republic of the Congo
44%
Equatorial Guinea
44%
South Sudan
42%
Tunisia
42%
Ethiopia
38%

Score Distribution

Percentile by Number Answered

Percent of People with Each Score

Your Score History

You have not taken this quiz